000 00276nam a22001217a 4500
041 _aENG
100 _aVasavada.A.A
245 _aFarm Structures In India
260 _aNew Delhi
_bIndian Council Of Agricltural
_c1964
300 _a70
650 _aFS (29)
856 _uFS (29)
999 _c3042
_d3042